| 000 | 00447nam a22001697a 4500 | ||
|---|---|---|---|
| 020 | _a9875441945 | ||
| 080 | _a341.63 D 39 | ||
| 245 | _aDemandas Internacionales | ||
| 250 | _aDemandas Internacionales contra el Estado | ||
| 260 |
_aMar del Plata _bEudem _c2006 |
||
| 300 |
_a84 P: _c15 X 22 Cm |
||
| 650 | _xDerecho Internacional Pùblico | ||
| 650 | _xCIADI | ||
| 650 | _xTribunales Internacionales | ||
| 942 | _6_ | ||
| 945 |
_acd _d2015-02-25 |
||
| 999 |
_c3519 _d234023 |
||